[Event "ICS rated blitz match"]
[Site "204.178.125.65"]
[Date "1999.10.29"]
[Round "?"]
[White "Hossa"]
[Black "counterplay"]
[Result "0-1"]
[WhiteElo "2451"]
[BlackElo "2754"]
[Annotator "Hiarcs 7.32 (22s)"]
[PlyCount "85"]
[EventDate "1999.??.??"]

1. e4 e6 2. d4 d5 3. Nc3 Bb4 4. e5 Ne7 5. Bd3 c5 6. a3 Bxc3+ 7. bxc3 Nbc6 8.
Nf3 Qa5 9. Bd2 c4 10. Be2 10... O-O $146 (10... f6 11. O-O O-O 12. Qe1 fxe5 13.
Nxe5 Nxe5 14. dxe5 Bd7 15. f4 Be8 16. Bg4 Nf5 17. Bxf5 Rxf5 18. g4 Rf7 19. Qe3
d4 20. cxd4 Qd5 21. c3 Bc6 22. Qg3 Raf8 23. h4 Qh1+ 24. Kf2 Qe4 25. Kg1 Qh1+
26. Kf2 Qe4 27. Kg1 {
1/2-1/2 Jakovljevic,M-Brkovic,Z/JUG-Cup Pula 1990/TD 90\01 (27)}) 11. O-O Bd7
12. Re1 Nf5 13. Ng5 $15 (13. Qb1 13... b5 $11) 13... h6 14. Nf3 b5 15. Qc1
15... a6 $16 (15... Rab8 $5 $11 $142 {ist die kritische Fortsetzung}) 16. Rb1
$11 (16. g4 $5 $142 16... Nfe7 17. Bxh6 $16) 16... Rab8 $14 (16... Rac8 17. h3
$11) 17. Qb2 $11 (17. g4 17... Nfe7 $11) 17... Qd8 18. Bf4 Nce7 19. Qa2 19...
Ng6 {Schwarz haelt das Heft fest in der Hand} 20. Bg3 h5 21. h3 Nxg3 22. fxg3 {
Kontrolliert f4+h4} 22... h4 23. g4 $17 (23. gxh4 $5 {ist eine gute Alternative
} 23... Nxh4 24. Qb2 $15) 23... f6 24. Bd1 Rf7 25. Re3 $2 $19 (25. Qb2 $5 $17
$142) 25... fxe5 26. Nxe5 {
Schwarz erhaelt starke Drohungen in der geoeffneten f-Linie} 26... Qg5 {
Droht Matt} 27. Re2 Nxe5 28. Rxe5 Qd2 29. Qb2 Rf2 (29... Qf2+ 30. Kh1 $19) 30.
Bf3 30... Rf8 {Droht Matt: R8xf3} 31. Qc1 Qxc2 32. Qe1 $4 {
ein Fehler in schlechter Stellung} (32. Ra1 $19 $142) 32... R8xf3 {
Mit der Mattdrohung Rxg2} 33. gxf3 33... Rg2+ $1 {ein boeses Schach} 34. Kf1
34... Rh2 {Es droht Matt} 35. Re2 35... Qd3 {Mit der Mattdrohung Qxf3} 36. Kg1
36... Rxe2 {Droht Matt} 37. Qf1 Qe3+ 38. Kh1 38... Rf2 {Droht Matt: Qxf3} 39.
Qxf2 Qxf2 40. f4 Qf3+ 41. Kg1 Qg3+ 42. Kh1 Qxh3+ 43. Kg1 0-1

[Event "ICS rated blitz match"]
[Site "204.178.125.65"]
[Date "1999.10.29"]
[Round "?"]
[White "LoadedGun"]
[Black "Hossa"]
[Result "0-1"]
[WhiteElo "2501"]
[BlackElo "2446"]
[Annotator "Hiarcs 7.32 (22s)"]
[PlyCount "92"]
[EventDate "1999.??.??"]

1. d4 c6 2. e4 d5 3. exd5 cxd5 4. Bb5+ Bd7 5. Bxd7+ Nxd7 6. Nf3 e6 7. Nc3 Ngf6
8. O-O Be7 9. Bf4 9... Rc8 $146 (9... O-O 10. Re1 Rc8 11. Nb5 Qb6 12. Qd3 a6
13. Nc3 Qxb2 14. Bd2 Qb6 15. Rab1 Qc7 16. Rb2 b5 17. Ne2 Nb6 18. Ba5 Qb8 19.
Ne5 Bd6 20. Bxb6 Qxb6 21. a4 b4 22. Reb1 22... Rb8 {
1/2-1/2 Iaakian,N-Cordy,R/EU-chJW U14 Herculane 1994/TD 94\01 (22)}) 10. a3 O-O
11. Re1 Nb6 12. Ne5 Nc4 13. Nxc4 Rxc4 14. Be5 Qb6 15. Rb1 Nd7 16. Qe2 Rfc8 17.
Bxg7 $19 (17. Qd3 $5 $17) 17... Kxg7 18. Nxd5 18... exd5 $1 {
ist die Ueberraschung!} 19. Qg4+ Kf8 20. Qxd7 R8c7 21. Qxd5 Qxd4 22. Qxd4 {
Droht Matt} 22... Rxd4 23. c3 Rd2 24. h3 $6 {leistet keine Gegenwehr} (24. Kf1
$19) 24... Bc5 $1 {die Entscheidung} 25. Rf1 Rc6 26. b4 Bb6 27. Rbc1 Rf6 28.
Kh1 (28. Kh2 {holt die Kuh nicht vom Eis} 28... Rfxf2 29. Rxf2 29... Bxf2 $19)
28... Rfxf2 {Es droht Matt} 29. Rxf2 Bxf2 30. a4 Bg3 31. a5 (31. Kg1 {
macht keinen grossen Unterschied} 31... Ra2 $19) 31... a6 32. Kg1 f5 33. Rf1 (
33. c4 {aendert nichts mehr} 33... Rb2 $19) 33... f4 34. Rc1 Bf2+ 35. Kh2 Rd3
36. c4 Rb3 37. Rf1 (37. b5 {kann das Vorangegangene nicht ungeschehen machen}
37... axb5 38. cxb5 38... Rxb5 $19) 37... Bg3+ 38. Kg1 Rxb4 39. Rd1 (39. Ra1 {
aendert den traurigen Lauf der Dinge nicht} 39... Rxc4 40. Rb1 40... Rc5 $19)
39... Ra4 $1 {huebsch} 40. Kf1 Rxa5 41. Rd8+ (41. Ke2 {
waere gleichermassen fruchtlos} 41... Ra2+ 42. Kf1 42... a5 $19) 41... Ke7 42.
Rh8 (42. Rd2 {die letzte Gegenchance} 42... Re5 43. Rd1 $19) 42... Re5 $1 {
macht alles klar} 43. Rxh7+ Kf8 44. Rh8+ Kg7 45. Rg8+ Kxg8 46. h4 Re1# 0-1

[Event "ICS rated blitz match"]
[Site "204.178.125.65"]
[Date "1999.10.29"]
[Round "?"]
[White "Hossa"]
[Black "Colorado"]
[Result "0-1"]
[WhiteElo "2465"]
[BlackElo "2718"]
[PlyCount "176"]
[EventDate "1999.??.??"]

1. e4 e5 2. Nf3 Nf6 3. Nxe5 d6 4. Nc4 Nxe4 5. Qe2 Qe7 6. Ne3 Be6 7. Nc3 Nxc3 8.
bxc3 Nd7 9. d4 Nb6 10. Qd1 Nd5 11. c4 Nxe3 12. Bxe3 g6 13. Rb1 Bg7 14. Rxb7 O-O
15. Be2 Rfb8 16. Rb3 a5 17. O-O a4 18. Rb1 Rxb1 19. Qxb1 Re8 20. c3 Bd7 21. Qb7
Bf5 22. Bd1 a3 23. Ba4 Rc8 24. Bc6 Qe6 25. Qb5 Bg4 26. Rb1 Rf8 27. Qa4 Be2 28.
Rb4 Bd3 29. Qb3 Qg4 30. Bf3 Qe6 31. Bd5 Qg4 32. f3 Qd7 33. Qd1 Bf5 34. Rb7 Re8
35. Bg5 h6 36. Bh4 Ra8 37. f4 Qc8 38. Qb3 Be6 39. Bc6 Kh7 40. Be7 Bd7 41. Bxd7
Qxd7 42. Bh4 Kg8 43. Bf2 Qg4 44. Rxc7 Qxf4 45. h4 Re8 46. Qxa3 Re2 47. Qa8+ Bf8
48. Qf3 Qxf3 49. gxf3 Rxa2 50. d5 Rc2 51. Bd4 f5 52. Bf6 Rd2 53. Kf1 f4 54. Ra7
Rc2 55. Ke1 Rb2 56. Rd7 Rc2 57. Rb7 Ra2 58. Bd4 Rh2 59. Bf2 Bg7 60. Kf1 Rh1+
61. Kg2 Rc1 62. Rd7 Be5 63. Bd4 Bxd4 64. cxd4 Rxc4 65. Rxd6 Kg7 66. Kh3 h5 67.
Re6 Rxd4 68. d6 Rd3 69. Kg2 Rd2+ 70. Kf1 Kf7 71. Re4 Rxd6 72. Rxf4+ Ke6 73.
Re4+ Kf5 74. Re8 Rd4 75. Rf8+ Ke5 76. Re8+ Kf6 77. Re4 Rxe4 78. Kf2 Rxh4 79.
Ke3 Re4+ 80. Kd3 h4 81. Kd2 h3 82. Kc2 Re3 83. f4 h2 84. Kd2 Kf5 85. Kc2 h1=Q
86. Kd2 Qe1+ 87. Kc2 Qf2+ 88. Kb1 88... Re1# {Hossa checkmated} 0-1

[Event "ICS rated blitz match"]
[Site "204.178.125.65"]
[Date "1999.10.29"]
[Round "?"]
[White "ljb"]
[Black "Hossa"]
[Result "0-1"]
[WhiteElo "2278"]
[BlackElo "2459"]
[PlyCount "112"]
[EventDate "1999.??.??"]

1. e4 e5 2. Nf3 Nc6 3. d3 Nf6 4. Nc3 Bb4 5. Bg5 h6 6. Bxf6 Qxf6 7. Be2 O-O 8.
O-O Ba5 9. Nd5 Qd8 10. c3 d6 11. Kh1 f5 12. Qc2 fxe4 13. dxe4 Be6 14. Rad1 Bb6
15. Bc4 Qe8 16. Nxb6 axb6 17. Bxe6+ Qxe6 18. a3 Qg4 19. Qd3 Rf4 20. h3 Qg6 21.
Rde1 Kh8 22. g3 Rf7 23. Nh4 Qe6 24. Nf5 g6 25. Nh4 Qxh3+ 26. Kg1 Kg7 27. Re3
Raf8 28. Rf3 Rxf3 29. Nxf3 Kg8 30. Nh4 Rf6 31. Qd5+ Kh7 32. Qc4 Kh8 33. b4 g5
34. Nf5 Qg4 35. b5 Rxf5 36. bxc6 bxc6 37. Qe6 Qxe4 38. Qxh6+ Kg8 39. Qg6+ Kf8
40. Qh6+ Ke7 41. Qg7+ Kd8 42. Qg8+ Kd7 43. a4 Qf3 44. Qg7+ Rf7 45. Qxg5 Rh7 46.
Qh4 Rxh4 47. gxh4 Qg4+ 48. Kh2 Qxh4+ 49. Kg2 Qxa4 50. Rh1 Qe4+ 51. f3 Qc2+ 52.
Kg3 c5 53. Rh7+ Qxh7 54. Kf2 e4 55. f4 Qh4+ 56. Ke3 56... Qe1# {ljb checkmated}
0-1

[Event "ICS rated blitz match"]
[Site "204.178.125.65"]
[Date "1999.10.29"]
[Round "?"]
[White "Hossa"]
[Black "ljb"]
[Result "1-0"]
[WhiteElo "2467"]
[BlackElo "2270"]
[PlyCount "97"]
[EventDate "1999.??.??"]

1. e4 e6 2. d4 d5 3. Nc3 Nf6 4. Bg5 Be7 5. e5 Nfd7 6. Be3 O-O 7. Qh5 f5 8. f4
c5 9. Nf3 Nc6 10. Be2 a6 11. O-O Qe8 12. Qxe8 Rxe8 13. Rad1 b5 14. Rfe1 c4 15.
a3 Nb6 16. Ng5 Bxg5 17. fxg5 g6 18. Rf1 Bd7 19. Rf2 Ne7 20. Rdf1 a5 21. Na2 Nc6
22. c3 b4 23. Rb1 bxa3 24. bxa3 Reb8 25. Bd1 Nc8 26. Ra1 Rb7 27. Bc2 Rab8 28.
Raf1 Rb2 29. Nc1 N6a7 30. Rd2 Nb5 31. Ba4 Rxd2 32. Bxd2 Nb6 33. Bxb5 Bxb5 34.
Ne2 Ba4 35. Nf4 Kf7 36. Rb1 Bb3 37. Rb2 a4 38. Be3 Na8 39. Bc1 Nc7 40. Rf2 Nb5
41. Bb2 Ke7 42. Rf3 Bc2 43. Rh3 Kd7 44. Rxh7+ Kc6 45. Nxg6 Nc7 46. Ne7+ Kb6 47.
g6 Ka6 48. g7 Rxb2 49. g8=Q {ljb resigns} 1-0

[Event "ICS rated blitz match"]
[Site "204.178.125.65"]
[Date "1999.10.29"]
[Round "?"]
[White "ljb"]
[Black "Hossa"]
[Result "0-1"]
[WhiteElo "2262"]
[BlackElo "2475"]
[PlyCount "58"]
[EventDate "1999.??.??"]

1. e4 e5 2. Nf3 Nc6 3. Bc4 Nf6 4. d3 Be7 5. Bb3 d5 6. Nc3 dxe4 7. Nxe4 Nxe4 8.
dxe4 Qxd1+ 9. Kxd1 Bc5 10. Ke2 O-O 11. c3 Rd8 12. Be3 Bxe3 13. Kxe3 Bg4 14.
Rad1 Bxf3 15. Kxf3 Ne7 16. Ke3 h5 17. Rxd8+ Rxd8 18. Rd1 Rxd1 19. Bxd1 h4 20.
h3 a5 21. Bb3 Nc8 22. Kf3 Nd6 23. Ke3 a4 24. Bxa4 Nc4+ 25. Kf3 Nxb2 26. Bb5 Nd1
27. c4 Nb2 28. c5 c6 29. Bc4 29... Nxc4 {ljb resigns} 0-1

[Event "ICS rated blitz match"]
[Site "204.178.125.65"]
[Date "1999.10.29"]
[Round "?"]
[White "Hossa"]
[Black "ljb"]
[Result "1/2-1/2"]
[WhiteElo "2482"]
[BlackElo "2255"]
[Annotator "Hiarcs 7.32 (22s)"]
[PlyCount "65"]
[EventDate "1999.??.??"]

1. e4 e6 2. d4 d5 3. Nc3 Nf6 4. Bg5 Be7 5. e5 Nfd7 (5... Ng8 6. h4 Bxg5 7. hxg5
Qxg5 8. Nh3 Qe7 9. Qg4 f5 10. Qg3 Nd7 11. Nf4 Nf8 12. O-O-O c6 13. Na4 {
1/2-1/2 Spassky,B-Bischoff,K/BL 8788 1988/BL 80 (13)}) 6. Be3 6... O-O $146 (
6... a6 7. Qg4 Kf8 8. Nf3 c5 9. Qf4 Nc6 10. h4 Qc7 11. Ng5 Bxg5 12. hxg5 cxd4
13. Rxh7 Rg8 14. Bxd4 Nxd4 15. Qxd4 Qxe5+ 16. Qxe5 Nxe5 17. O-O-O Bd7 18. Be2
Rc8 19. Rh4 Ke7 20. g3 Rc5 21. f4 {
Reedijk,P-De Bruycker,B/Vlissingen op 1996/EXP 53/0-1 (59)}) 7. Qh5 f5 8. f4
8... c5 {Der thematische Vorstoss} 9. Nf3 Nc6 10. Be2 10... a6 {Sichert b5} 11.
O-O $11 (11. O-O-O $5 $14) 11... Qe8 $14 (11... Qb6 12. Na4 Qb4 13. b3 $11) 12.
Qxe8 Rxe8 13. Rad1 b5 14. dxc5 Nxc5 15. Nd4 Nxd4 16. Bxd4 Bb7 17. Bh5 g6 18.
Bf3 18... Ne4 {Der Springer hat sein Ziel erreicht} 19. a3 {Befestigt b4} 19...
Rac8 20. Rd3 Rc4 21. Bd1 Rxd4 22. Rxd4 Bc5 23. Ne2 23... Kf7 $11 (23... Nd2 $1
24. Re1 24... Nc4 $15) 24. Rf3 Rc8 25. Rfd3 Bxd4+ 26. Nxd4 {
Ein gutes Feld fuer den Springer} 26... h5 27. Be2 Ke7 28. Rd1 Kd7 29. Bd3 Nc5
30. Kf2 Na4 31. Rb1 Nc5 32. Rd1 Ne4+ 33. Kg1 $11 (33. Ke3 33... g5 $14) 1/2-1/2

[Event "ICS rated blitz match"]
[Site "204.178.125.65"]
[Date "1999.10.29"]
[Round "?"]
[White "ljb"]
[Black "Hossa"]
[Result "1-0"]
[WhiteElo "2264"]
[BlackElo "2473"]
[PlyCount "92"]
[EventDate "1999.??.??"]

1. e3 d5 2. d4 Nf6 3. Nf3 e6 4. Be2 Bd6 5. O-O b6 6. h3 Ba6 7. Bxa6 Nxa6 8. c3
O-O 9. Nbd2 c5 10. Qe2 Nc7 11. Re1 cxd4 12. exd4 Rc8 13. Ne5 Bxe5 14. Qxe5 Nce8
15. Nf1 Nd7 16. Qe2 Nd6 17. Ng3 Re8 18. Bf4 e5 19. dxe5 Nc4 20. Nf5 Ndxe5 21.
Bxe5 Nxe5 22. Rad1 f6 23. f4 Ng6 24. Qxe8+ Qxe8 25. Rxe8+ Rxe8 26. Rxd5 Ne7 27.
Nxe7+ Rxe7 28. Kf2 Kf7 29. g4 Ke8 30. f5 Re5 31. Rxe5+ fxe5 32. Ke3 Ke7 33. Ke4
Kd6 34. g5 b5 35. f6 gxf6 36. gxf6 Ke6 37. f7 Kxf7 38. Kxe5 a6 39. b3 h6 40. c4
bxc4 41. bxc4 Ke7 42. Kf5 Kd6 43. Kg6 a5 44. Kxh6 a4 45. Kg6 Kd7 46. h4 46...
Ke7 {Hossa resigns} 1-0

[Event "ICS rated blitz match"]
[Site "204.178.125.65"]
[Date "1999.10.29"]
[Round "?"]
[White "LoadedGun"]
[Black "Hossa"]
[Result "0-1"]
[WhiteElo "2482"]
[BlackElo "2448"]
[PlyCount "170"]
[EventDate "1999.??.??"]

1. e4 e5 2. Nf3 Nc6 3. c3 Nf6 4. d4 Nxe4 5. d5 Bc5 6. Be3 Bxe3 7. fxe3 Ne7 8.
Nxe5 O-O 9. Qd4 Nf6 10. e4 d6 11. Nf3 c5 12. Qd3 Re8 13. Be2 Ng6 14. Nfd2 Nf4
15. Qf3 Nxe2 16. Qxe2 Nxe4 17. Nxe4 Qh4+ 18. Kf1 Rxe4 19. Qd2 Bg4 20. Qf2 Qg5
21. Nd2 Re2 22. Qxe2 Bxe2+ 23. Kxe2 Qxg2+ 24. Kd3 Qxd5+ 25. Kc2 Re8 26. Rae1
Re5 27. Rhg1 Qe6 28. Rxe5 dxe5 29. Ne4 Qf5 30. Re1 Qh5 31. Nxc5 Qxh2+ 32. Kb1
Qd2 33. Rc1 f5 34. Rc2 Qd1+ 35. Rc1 Qd6 36. b4 b6 37. Na4 h5 38. a3 Qd3+ 39.
Kb2 g5 40. Rg1 Qd2+ 41. Kb1 Kf7 42. Rc1 Qd3+ 43. Kb2 Qc4 44. Re1 Kf6 45. Rg1
Qd5 46. Rc1 Qd7 47. Kb3 Qd2 48. Rg1 Qe2 49. Nb2 a6 50. Nc4 b5 51. Nb2 Kg6 52.
Rd1 Qe4 53. Rd6+ Kg7 54. Rxa6 Qd5+ 55. Kc2 Qg2+ 56. Kb3 Qb7 57. Rd6 Qc7 58. Rd5
Qc6 59. Rxe5 Kf6 60. Rc5 Qb7 61. Kc2 Kg6 62. c4 bxc4 63. Nxc4 Qe4+ 64. Kd2 Qg2+
65. Kd3 Qf3+ 66. Kd2 Qb3 67. Rc6+ Kf7 68. Nd6+ Ke6 69. Nb5+ Ke7 70. Rc7+ Kf6
71. Rc6+ Kg7 72. Rc5 Qa2+ 73. Kc3 Qa1+ 74. Kc2 Kg6 75. Rc6+ Kf7 76. Nd6+ Ke6
77. Nc4+ Kd5 78. Rc5+ Kd4 79. Kd2 Qc3+ 80. Ke2 Qd3+ 81. Kf2 Ke4 82. Kg2 Qe2+
83. Kg1 Kf4 84. Kh1 Kg3 85. Re5 85... Qf1# {LoadedGun checkmated} 0-1

[Event "ICS rated blitz match"]
[Site "204.178.125.65"]
[Date "1999.10.29"]
[Round "?"]
[White "Hossa"]
[Black "LoadedGun"]
[Result "1/2-1/2"]
[WhiteElo "2466"]
[BlackElo "2464"]
[PlyCount "222"]
[EventDate "1999.??.??"]

1. e4 e5 2. Nf3 Nc6 3. Bb5 a6 4. Ba4 Nf6 5. Qe2 Bd6 6. Nc3 O-O 7. O-O Nd4 8.
Nxd4 exd4 9. Nd5 Nxd5 10. exd5 b5 11. Bb3 Qf6 12. a4 b4 13. Re1 Bb7 14. d3 Qf5
15. Qe4 Qf6 16. Qg4 Qg6 17. Qxd4 a5 18. Bf4 Qg4 19. Re4 Qg6 20. Bxd6 Qxd6 21.
Rae1 c5 22. dxc6 Qxd4 23. Rxd4 Bxc6 24. Re7 g6 25. Bd5 h6 26. Bxc6 dxc6 27. Kf1
c5 28. Rd5 Rfc8 29. Rdd7 Rf8 30. Rc7 Rad8 31. Rxc5 Rc8 32. Rcc7 Rxc7 33. Rxc7
Re8 34. c4 Rd8 35. Ke2 Re8+ 36. Kd2 Ra8 37. d4 f5 38. Re7 Kf8 39. Rh7 Kg8 40.
Rxh6 Kg7 41. Rh3 f4 42. b3 g5 43. Rd3 Rh8 44. h3 Ra8 45. Ke2 Re8+ 46. Kf3 Rh8
47. Rd2 Rf8 48. Re2 Kg6 49. Re6+ Kh5 50. Ra6 Re8 51. Rxa5 Re1 52. Rb5 Rd1 53.
Ke4 Rd2 54. f3 Re2+ 55. Kf5 Rxg2 56. Rxb4 Kh4 57. Rb7 Kxh3 58. Rg7 Rg3 59. Rxg5
Rxf3 60. b4 Rc3 61. Kxf4 Rxc4 62. Rg3+ Kh2 63. Rb3 Rxd4+ 64. Ke5 Rg4 65. Rf3
Rxb4 66. Rf2+ Kg3 67. Ra2 Rb8 68. Ra3+ Kg4 69. a5 Rb7 70. Ra4+ Kg5 71. a6 Ra7
72. Kd6 Kf6 73. Rf4+ Kg5 74. Rf3 Rxa6+ 75. Kc5 Kg4 76. Rf2 Re6 77. Rf1 Re5+ 78.
Kc6 Re6+ 79. Kd5 Re2 80. Rf6 Rd2+ 81. Kc6 Rc2+ 82. Kd6 Rd2+ 83. Ke5 Re2+ 84.
Kd4 Rd2+ 85. Kc3 Re2 86. Rf1 Re3+ 87. Kc4 Kg3 88. Rf5 Re4+ 89. Kc5 Re2 90. Rf1
Rc2+ 91. Kd5 Rd2+ 92. Kc5 Rh2 93. Rf5 Re2 94. Rf1 Rc2+ 95. Kd5 Rd2+ 96. Kc5 Re2
97. Rh1 Rc2+ 98. Kd5 Rd2+ 99. Ke4 Re2+ 100. Kd5 Rd2+ 101. Ke4 Re2+ 102. Kd5 Rf2
103. Rg1+ Kf4 104. Re1 Rd2+ 105. Kc6 Rc2+ 106. Kd5 Rh2 107. Rf1+ Kg3 108. Rf5
Rd2+ 109. Ke5 Re2+ 110. Kf6 Rf2 111. Rxf2 111... Kxf2 {
Game drawn because neither player has mating material} 1/2-1/2

[Event "ICS rated blitz match"]
[Site "204.178.125.65"]
[Date "1999.10.29"]
[Round "?"]
[White "Colorado"]
[Black "Hossa"]
[Result "1-0"]
[WhiteElo "2724"]
[BlackElo "2466"]
[PlyCount "80"]
[EventDate "1999.??.??"]

1. d4 c6 2. c4 d5 3. Nf3 Nf6 4. Nc3 dxc4 5. a4 c5 6. e3 cxd4 7. Bxc4 Nc6 8.
Nxd4 e5 9. Nxc6 Qxd1+ 10. Nxd1 bxc6 11. O-O Bb4 12. b3 O-O 13. f3 Rb8 14. Bb2
Re8 15. Rc1 a5 16. Rf2 Nd7 17. Bc3 Bxc3 18. Rxc3 Nf6 19. Rd3 Bf5 20. e4 Bd7 21.
Rfd2 Rb7 22. Rd6 Re7 23. Ne3 Rb4 24. Nf5 Bxf5 25. Rd8+ Ne8 26. exf5 e4 27. fxe4
Rbb7 28. Ra8 Rxe4 29. Rxa5 Re1+ 30. Kf2 Ra1 31. Ra8 Re7 32. Rd7 Kf8 33. Raa7
Rae1 34. Be6 Rxd7 35. Rxd7 Rxe6 36. fxe6 fxe6 37. a5 Nf6 38. Rd8+ Ke7 39. a6
Kxd8 40. a7 40... Kc7 {Hossa resigns} 1-0

[Event "ICS rated blitz match"]
[Site "204.178.125.65"]
[Date "1999.10.29"]
[Round "?"]
[White "Hossa"]
[Black "Colorado"]
[Result "0-1"]
[WhiteElo "2460"]
[BlackElo "2730"]
[PlyCount "101"]
[EventDate "1999.??.??"]

1. e4 d5 2. exd5 Qxd5 3. Nc3 Qa5 4. d4 Nf6 5. Nf3 Bg4 6. h3 Bh5 7. g4 Bg6 8.
Ne5 e6 9. Nc4 Qa6 10. Be2 Bb4 11. Ne5 Qb6 12. a3 Bxc3+ 13. bxc3 O-O 14. Bd2 Be4
15. O-O Qd6 16. f3 Bc6 17. g5 Nfd7 18. f4 Be4 19. Re1 Nxe5 20. fxe5 Qd5 21. Rf1
Nd7 22. Rb1 c5 23. Rb5 a6 24. Ra5 b6 25. Rxa6 Rxa6 26. Bxa6 cxd4 27. Bf4 Nxe5
28. cxd4 Nf3+ 29. Rxf3 Bxf3 30. Qd3 Be4 31. Qc3 Qf5 32. Qe3 Bxc2 33. Bd6 Ra8
34. Bc4 Ra4 35. Bb4 Be4 36. Be2 Qd5 37. Bd1 Ra8 38. Bb3 Qf5 39. Bd1 Bd5 40. Bh5
Qc2 41. Bf3 Bxf3 42. Qxf3 Rd8 43. Be7 Rc8 44. Qf1 Qc7 45. g6 Qxe7 46. gxf7+
Qxf7 47. Qd3 Rc1+ 48. Kg2 Qb7+ 49. Kf2 Qh1 50. Kg3 Rg1+ 51. Kh4 {Hossa resigns}
0-1

[Event "ICS rated blitz match"]
[Site "204.178.125.65"]
[Date "1999.10.29"]
[Round "?"]
[White "LoadedGun"]
[Black "Hossa"]
[Result "0-1"]
[WhiteElo "2467"]
[BlackElo "2454"]
[PlyCount "60"]
[EventDate "1999.??.??"]

1. c4 b6 2. e4 e5 3. Nf3 Nc6 4. Bd3 Bc5 5. b3 d6 6. Nc3 Nge7 7. O-O O-O 8. Bb2
f5 9. Re1 Nd4 10. Nxd4 Bxd4 11. exf5 Bxf5 12. Bxf5 Rxf5 13. Re2 Qf8 14. Qf1 c6
15. Rae1 Ng6 16. g3 Rf3 17. a4 d5 18. Qg2 Qf7 19. cxd5 cxd5 20. b4 a6 21. Rc1
Rc8 22. b5 axb5 23. axb5 e4 24. Ree1 Rxf2 25. Kh1 Rxg2 26. Ne2 Rxe2 27. Rxc8+
Nf8 28. Rxf8+ Qxf8 29. Bxd4 Rxe1+ 30. Kg2 30... Qf1# {LoadedGun checkmated} 0-1

[Event "ICS rated blitz match"]
[Site "204.178.125.65"]
[Date "1999.10.29"]
[Round "?"]
[White "Hossa"]
[Black "Colorado"]
[Result "0-1"]
[WhiteElo "2475"]
[BlackElo "2736"]
[PlyCount "99"]
[EventDate "1999.??.??"]

1. d4 Nf6 2. c4 e6 3. Nf3 d5 4. Nc3 Be7 5. Bg5 O-O 6. e3 h6 7. Bh4 b6 8. Be2
Bb7 9. cxd5 Nxd5 10. Nxd5 Bxh4 11. Nxc7 Bxf2+ 12. Kxf2 Qxc7 13. Rc1 Qd6 14. Rf1
Nd7 15. Kg1 Rac8 16. Bc4 Rc7 17. b3 Rfc8 18. a4 a6 19. Rb1 Be4 20. Ra1 a5 21.
Nd2 Bd5 22. Ba6 Rd8 23. Nc4 Qe7 24. Qh5 Nf6 25. Qh4 Ne4 26. Qf4 Bxc4 27. bxc4
Nd2 28. Rf2 Nxc4 29. Raf1 Rd5 30. Qg3 Nd6 31. Rb2 Rc3 32. Qe1 Qc7 33. Qe2 Qc6
34. Qd2 Rg5 35. Bd3 Ra3 36. Rfb1 Ne4 37. Bxe4 Qxe4 38. Re1 Rxa4 39. Rxb6 Rb4
40. Rd6 Rgb5 41. Qf2 Rb1 42. Rd7 Rxe1+ 43. Qxe1 Rb1 44. Qxb1 Qxb1+ 45. Kf2 Qc2+
46. Kf1 a4 47. d5 exd5 48. Ra7 a3 49. g4 a2 50. Ra8+ {Hossa resigns} 0-1

[Event "ICS rated blitz match"]
[Site "204.178.125.65"]
[Date "1999.10.29"]
[Round "?"]
[White "Hossa"]
[Black "LoadedGun"]
[Result "1-0"]
[WhiteElo "2469"]
[BlackElo "2450"]
[PlyCount "69"]
[EventDate "1999.??.??"]

1. d4 f5 2. g3 Nf6 3. Bg2 e6 4. Nf3 d5 5. Bg5 Bd7 6. Ne5 Bb4+ 7. c3 Be7 8. O-O
Nc6 9. f4 Nxe5 10. fxe5 Ng4 11. Bd2 c5 12. h3 Nh6 13. Bxh6 gxh6 14. e3 O-O 15.
Nd2 Qc7 16. Qh5 Bb5 17. Rf2 Bg5 18. Qf3 Kh8 19. Nb3 Be7 20. Nxc5 Bxc5 21. dxc5
Qxc5 22. Qf4 Rg8 23. Qxh6 Rxg3 24. Qxe6 Rf8 25. Qh6 Rxe3 26. b4 Rxh3 27. Qxh3
Qc7 28. Rxf5 Rg8 29. e6 Bc4 30. Rf7 Qb6+ 31. Kh1 Rg7 32. Rf8+ Rg8 33. Qh6 Qc7
34. Rf7 Rg6 35. Qxh7# {LoadedGun checkmated} 1-0

[Event "ICS rated blitz match"]
[Site "204.178.125.65"]
[Date "1999.10.29"]
[Round "?"]
[White "Colorado"]
[Black "Hossa"]
[Result "1-0"]
[WhiteElo "2742"]
[BlackElo "2484"]
[PlyCount "193"]
[EventDate "1999.??.??"]

1. d4 Nf6 2. c4 e6 3. Nc3 Bb4 4. Qc2 O-O 5. a3 Bxc3+ 6. Qxc3 b6 7. Nf3 Bb7 8.
e3 Bxf3 9. gxf3 c5 10. dxc5 bxc5 11. Bd3 d6 12. O-O a5 13. Be2 Re8 14. Qd3 d5
15. Bd2 Nbd7 16. Qc2 Qb8 17. Bc3 Qb6 18. Rfd1 a4 19. Rac1 Rec8 20. f4 Qb7 21.
Qd3 dxc4 22. Qxc4 Nd5 23. Bf3 N7b6 24. Qe4 Re8 25. f5 Qe7 26. fxe6 fxe6 27. Be5
Rf8 28. Be2 Ra7 29. Bb5 Ra5 30. Bd3 Rf5 31. Bg3 Qe8 32. Qg2 Rf7 33. Qh3 Nf6 34.
Bd6 c4 35. Bxc4 Nxc4 36. Rxc4 Rb5 37. Rdc1 Rg5+ 38. Kh1 Rd5 39. Rc8 Rd1+ 40.
Kg2 Rxc1 41. Rxe8+ Nxe8 42. Bg3 Rc6 43. Qg4 Ra7 44. Be5 Rca6 45. h4 Rb7 46. h5
Rbb6 47. h6 g6 48. Qd4 Rb7 49. Qc4 Rba7 50. Qc8 Kf7 51. Bb8 Ra8 52. Qd7+ Kf8
53. Qxh7 Rxb8 54. Qxg6 Ke7 55. Qg5+ Kd7 56. h7 Nc7 57. Qg7+ Kc6 58. h8=Q Rxh8
59. Qxh8 Kb7 60. Qd4 Ra5 61. Qb4+ Rb5 62. Qxa4 Rxb2 63. Kf3 Rb5 64. Qc4 Rf5+
65. Ke2 Rb5 66. a4 Rf5 67. e4 Rg5 68. f4 Rh5 69. Ke3 Kc8 70. Kd4 Ra5 71. Qb4
Rh5 72. Qf8+ Kb7 73. f5 exf5 74. Qf7 Rh6 75. exf5 Rh4+ 76. Ke5 Rh2 77. Qb3+ Kc8
78. Qc4 Kb7 79. Qe4+ Kb8 80. f6 Rf2 81. Qe3 Rf1 82. Qb3+ Ka7 83. Qc4 Re1+ 84.
Kf5 Ne6 85. f7 Re2 86. Qxe2 Nd4+ 87. Kf4 Nxe2+ 88. Ke5 Nc1 89. Kd6 Ka6 90. f8=Q
Ka5 91. Qf1 Kxa4 92. Qxc1 Kb4 93. Qe3 Kc4 94. Kc6 Kb4 95. Qd3 Ka4 96. Kc5 Ka5
97. Qb5# {Hossa checkmated} 1-0

[Event "ICS rated blitz match"]
[Site "204.178.125.65"]
[Date "1999.10.29"]
[Round "?"]
[White "Hossa"]
[Black "Colorado"]
[Result "0-1"]
[WhiteElo "2478"]
[BlackElo "2748"]
[PlyCount "87"]
[EventDate "1999.??.??"]

1. d4 Nf6 2. c4 g6 3. Nc3 Bg7 4. e4 d6 5. f3 O-O 6. Bg5 c5 7. dxc5 Qa5 8. Qd2
Qxc5 9. Bd3 Nc6 10. Bh6 Bxh6 11. Qxh6 Ne5 12. Be2 Nxc4 13. Bxc4 Qxc4 14. Rc1
Qb4 15. Nge2 Qxb2 16. Rb1 Qa3 17. Rb3 Qc5 18. Rb5 Qc7 19. Rg5 e5 20. O-O Qc5+
21. Kh1 Be6 22. Rc1 Qf2 23. a4 Rac8 24. Rb1 Rxc3 25. Nxc3 Qc2 26. h3 Rc8 27.
Rxb7 Rxc3 28. Rb8+ Bc8 29. Kh2 Qxa4 30. Ra8 Qd7 31. Rb8 Rc2 32. Rb3 Qc7 33. Re3
Qc5 34. Rb3 a5 35. h4 a4 36. Rb8 Rc1 37. Rxc8+ Qxc8 38. Rg3 Qc5 39. Rxg6+ hxg6
40. Qd2 Qg1+ 41. Kh3 Qh1+ 42. Kg3 Nh5+ 43. Kf2 Qg1+ 44. Ke2 {Hossa resigns} 0-1

[Event "ICS rated blitz match"]
[Site "204.178.125.65"]
[Date "1999.10.29"]
[Round "?"]
[White "MissSilicon"]
[Black "Hossa"]
[Result "1-0"]
[WhiteElo "2701"]
[BlackElo "2472"]
[PlyCount "100"]
[EventDate "1999.??.??"]

1. e4 d5 2. exd5 Qxd5 3. Nc3 Qa5 4. d4 Nf6 5. Nf3 Bg4 6. h3 Bh5 7. g4 Bg6 8.
Ne5 e6 9. Nc4 Qa6 10. Ne5 Qb6 11. Bg2 Bb4 12. O-O Nbd7 13. g5 Nxe5 14. gxf6
O-O-O 15. fxg7 Rhg8 16. Na4 Qa5 17. Bg5 Rd7 18. c3 Nd3 19. Bf6 Bd6 20. Qf3 Qb5
21. c4 Qa6 22. b3 Bf5 23. Rad1 Nf4 24. c5 Ne2+ 25. Kh1 Be7 26. c6 bxc6 27. Bxe7
Rxe7 28. Rd2 Rxg7 29. Rxe2 Rg8 30. Rc1 Rd7 31. Rxc6 Qd3 32. Rcxe6 Qxf3 33. Re8+
Rd8 34. Rxd8+ Kxd8 35. Bxf3 Bxh3 36. Re5 Bg4 37. Be4 f5 38. Bxf5 Bf3+ 39. Kh2
Rg2+ 40. Kh3 h6 41. Nc5 Rxf2 42. Kg3 Rf1 43. Ne6+ Kc8 44. Ng5+ Kb7 45. Nxf3 a6
46. Be4+ Ka7 47. Re8 a5 48. Ne5 Rg1+ 49. Kf2 Rc1 50. Ra8+ 50... Kb6 {
Hossa resigns} 1-0

[Event "ICS rated standard match"]
[Site "204.178.125.65"]
[Date "1999.10.29"]
[Round "?"]
[White "Hossa"]
[Black "LoadedGun"]
[Result "1-0"]
[WhiteElo "2033"]
[BlackElo "1681"]
[PlyCount "25"]
[EventDate "1999.??.??"]

1. e4 c5 2. Nf3 Nc6 3. Bb5 a6 4. Be2 b6 5. c3 Nf6 6. e5 Ne4 7. d3 f5 8. dxe4
fxe4 9. Ng5 Nxe5 10. Qd5 h6 11. Bh5+ g6 12. Bxg6+ Nxg6 13. Qf7# {
LoadedGun checkmated} 1-0